Janji

Bibliographic Details
Main Author: Rosmini Shaari
Format: Book
Published: Shah Alam : Marwilis Publisher & Distributor , 1989
Subjects:

MARC

LEADER 00000cam a2200000 7i4500
001 0000002940
005 19991201.0
020 |a 983831109X 
040 |a INS 
090 0 0 |a 899233   |b ROS 
100 0 |a Rosmini Shaari 
245 0 0 |a Janji   |c Rosmini Shaari 
260 |a Shah Alam :   |b Marwilis Publisher & Distributor ,   |c 1989 
300 |a 262p. ;   |c 18 cm. 
650 0 0 |a Malay fiction 
650 0 0 |a Malay literature 
999 |a 0000004305   |b BOOK   |c Open Shelf   |e Default branch